Zmena neutrónovo-fyzikálnych vlastností fluoridovej soli v palivovom kanáli jadrového reaktora na báze kvapalných solí
Enregistré dans:
| Auteur principal: | |
|---|---|
| Autres auteurs: | , |
| Format: | Manuscrit Livre |
| Langue: | slovaque |
| Publié: |
Bratislava :
STU v Bratislave FEI,
2007
|
| Sujets: | |
| Tags: |
Pas de tags, Soyez le premier à ajouter un tag!
|
MARC
| LEADER | 00000ntm a22000003a 4500 | ||
|---|---|---|---|
| 001 | stu154927 | ||
| 005 | 20160908113108.0 | ||
| 008 | 080115s2007------------------------slo-d | ||
| 040 | |a STU |b slo | ||
| 041 | 0 | |a slo | |
| 100 | 1 | |a Németh, Zoltán |4 aut |u E |T FEI Fakulta elektrotechniky a informatiky |U E |Y 30 | |
| 245 | 1 | |a Zmena neutrónovo-fyzikálnych vlastností fluoridovej soli v palivovom kanáli jadrového reaktora na báze kvapalných solí | |
| 260 | |a Bratislava : |b STU v Bratislave FEI, |c 2007 | ||
| 300 | |a 42 s | ||
| 650 | 7 | |a Elektroenergetika |2 stusub | |
| 650 | 7 | |a jadrové reaktory |2 stusub | |
| 650 | 7 | |a palivový článok |2 stusub | |
| 650 | 7 | |a neutrónovo-fyzikálne vlastnosti |2 stusub | |
| 700 | 1 | |a Dařílek, Petr |4 ths |X 47705 |7 A000047705 | |
| 700 | 1 | |a Nečas, Vladimír, |d 1954- |4 ths |u E060 |U FEI Fakulta elektrotechniky a informatiky |T FEI Ústav jadrového a fyzikálneho inžinierstva |X 1934 |U E060 |Y 817 |7 A000001934 | |